Palestine: problem and promise ; an economic study /

Bibliographic Details
Main Author: Nathan, Robert R. (Robert Roy), 1908-2001
Corporate Author: American Council on Public Affairs
Other Authors: Gass, Oscar, Creamer, Daniel Barnett, 1909-
Format: Book
Language:English
Published: [Washington] : Public affairs press, American council on public affairs, [1946]
Subjects:

MARC

Tag First Indicator Second Indicator Subfields
LEADER 00000cam a2200000 4500
001 in00000066855
005 20151008050803.0
008 750724s1946 dcu b 00000 eng u
010 |a  46003167  
035 |a (OCoLC)01474708 
035 |9 AAG3365AM 
040 |c DZM  |d TXA  |d UtOrBLW 
049 |a TXAM  |c [134114] 
050 0 0 |a HC497.P2  |b N3 
082 0 |a 330.9569 
090 |a HC415.25  |b N3 1946 
092 |a 330.9569  |b N274p 
100 1 |a Nathan, Robert R.  |q (Robert Roy),  |d 1908-2001. 
245 1 0 |a Palestine: problem and promise ;  |b an economic study /  |c by Robert R. Nathan, Oscar Gass [and] Daniel Creamer. 
264 1 |a [Washington] :  |b Public affairs press, American council on public affairs,  |c [1946] 
300 |a x, 675 pages ;  |c 24 cm. 
336 |a text  |b txt  |2 rdacontent 
337 |a unmediated  |b n  |2 rdamedia 
338 |a volume  |b nc  |2 rdacarrier 
500 |a Maps on lining papers. 
500 |a "Prepared under the auspices of the American Palestine institute." 
504 |a Bibliographical references included in "Notes and acknowledgments." (pages 637-661). 
651 0 |a Palestine  |x Economic conditions  |y 1917-1948. 
700 1 |a Gass, Oscar. 
700 1 |a Creamer, Daniel Barnett,  |d 1909- 
710 2 |a American Council on Public Affairs. 
949 |a updated  |b h  |c 2002/6/19  |e kweimer  |f 12:59:24 pm 
999 |a MARS 
999 f f |s 23f7ea51-b442-3647-9419-1098535b8698  |i c0a4ebd7-8a6f-3c33-85c0-90a264db27a3  |t 0 
952 f f |p ric  |a Texas A&M University  |b Rellis Campus  |c Joint Library Facility  |d Remote Storage  |t 0  |e HC415.25 .N3 1946  |h Library of Congress classification  |i unmediated -- volume  |m A14800704643 
998 f f |a HC415.25 .N3 1946  |t 0  |l Remote Storage